Vista normal
Vista MARC
Entrada Topical Term
Número de registros utilizados en: 1
001 - CONTROL NUMBER
- control field: 25715
003 - CONTROL NUMBER IDENTIFIER
- control field: OSt
005 - DATE AND TIME OF LATEST TRANSACTION
- control field: 20210310223814.0
008 - FIXED-LENGTH DATA ELEMENTS
- fixed length control field: 210310|| aca||aabn | a|a d
040 ## - CATALOGING SOURCE
- Original cataloging agency: OSt
- Transcribing agency: OSt
150 ## - HEADING--TOPICAL TERM
- Topical term or geographic name entry element: Convenios comerciales.-- Tratados de libre comercio.-- TLC.-- Integración comercial.-- Mercados.-- Globalización
670 ## - SOURCE DATA FOUND
- Source citation: Work cat.: (OSt): Venegas Franco, Alejandro 10577, El tratado de Libre Comercio, La Integración Comercial y el Derecho de los Mercados, 2007